000
00320nam a22001337a 4500
003
SGT
082
_a
617.645
_b
L25C
100
_a
Chauhan, Nidhi
245
_a
Local and Systematic Complications of Local Anesthesia
260
_b
SGT University
_c
2025
300
_a
59
650
_a
Pediatric Dentistry
942
_2
ddc
_c
TH
999
_c
30351
_d
30351